Top 10 des pays contenant le plus d'armée - Statistiques

Statistiques générales
  • Ce quiz a été pris 554 fois
  • Le résultat moyen est 8 sur 10
Statistiques - réponses
Place Pays % Correct
1 états-unis
99%
2 russie
98%
7 france
97%
3 chine
96%
4 inde
85%
5 japon
84%
8 royaume-uni
84%
10 brésil
72%
6 corée du sud
69%
9 pakistan
58%
Aucun quiz correspondant
Distribution des résultats
% des personnes avec chaque résultat
Percentile par nombre de réponses
Votre historique - résultats
Vous n’avez pas pris ce quiz